00754nam a2200181 4500001000700000003000900007005001700016007000300033008004100036100004300077245021400120260005100334300002100385500005900406700003700465710004500502852002500547109039ES-MaACL20230906184749.0t|061121s1912 sp r ||||1| spa d1 aMoya y Jiménez, Francisco Javier de.10aDiscursos leidos ante la Real Academia Hispano-Americana en la recepción pública del Sr. d. Francisco J. de Moya y Jiménez el día 9 de mayo de 1912 / c[contestación de Agustín García Gutierrez]. aCádiz : b[s.n.], c1912 (fImp. M. Alvarez) a41 p. ; c21 cm. aTema: Exégesis de la nacionalidad hispano americana.0 aGarcía Gutiérrez, Agustín.0 aReal Academia Hispanoamericana (Cádiz) aES-MaACLjT-1328-F-7